000 00901cam a22002531i 4500
003 OSt
005 20260420122015.0
008 260419s2025 jo f 000 0 ara c
020 _a9789923293003
020 _a9923293009
040 _aSA-JeALM
_bara
_cSA-RiAUC
_erda
082 0 4 _a251.15
_qSA-RiAUC
090 _a251.15
_bس ي د
100 1 _aالسيد، أحمد بن يوسف
_eمؤلف.
245 1 0 _aمفاتيح البصيرة عند النوازل والفتن /
_cكتبه أحمد بن يوسف السيد.
250 _aالطبعة الأولى.
264 1 _aالرياض :
_bدار الحقيقة الكونية،
_c2013
300 _a28 صفحة ؛
_c20 سم.
336 _aنص
_btxt
_2rdacontent
_3كتاب
337 _aبدون وسيط
_bn
_2rdamedia
650 7 _aالنوازل (أصول فقه)
_2aucsh
942 _2ddc
_cBOOK
_n0
949 _aSA-JeALM
_d260419
_uosman123
_n1
999 _c14852
_d14852